[Event "San Sebastian Constitucion op"]
[Site "San Sebastian de los Reyes"]
[Date "2021.12.11"]
[Round "8"]
[White "Solanilla Olcese, Ada"]
[Black "Criado Jimenez, Jose"]
[Result "0-1"]
[WhiteElo "1234"]
[BlackElo "1517"]
[PlyCount "88"]
[EventDate "2021.12.04"]
[EventType "swiss"]
[EventRounds "8"]
[EventCountry "ESP"]
[SourceTitle "CBM 206 Extra"]
[Source "ChessBase"]
[SourceDate "2022.03.31"]
[SourceVersion "1"]
[SourceVersionDate "2022.03.31"]
[SourceQuality "1"]

1. e4 d6 2. d4 Nf6 3. Nc3 g6 4. Nf3 Bg7 5. Bc4 0-0 6. Be3 c6 7. Bb3 b5 8. 0-0 b4 9. e5 Ng4 10. Ne2 dxe5 11. h3 exd4 12. Bxd4 Nf6 13. Bc5 a5 14. Qxd8 Rxd8 15. Ng3 e6 16. Rfd1 Nbd7 17. Ne5 Bb7 18. Be7 Re8 19. Bxf6 Nxf6 20. Rab1 Red8 21. Ba4 c5 22. Nd3 c4 23. Ne5 Bd5 24. Bc6 Bxc6 25. Nxc6 Rxd1+ 26. Rxd1 Nd5 27. b3 c3 28. Nf1 Ra6 29. Nb8 Rb6 30. Nd7 Rd6 31. Nc5 Bf8 32. Ne4 Rc6 33. Nfg3 Be7 34. Ne2 Kg7 35. g3 f5 36. Nd4 Rb6 37. Nxe6+ Rxe6 38. Rxd5 Rxe4 39. Kf1 Kf6 40. Rxa5 Rd4 41. Ra6+ Kf7 42. a3 bxa3 43. Rc6 a2 44. Rxc3 a1Q+ 0-1

[Event "San Sebastian Constitucion op"]
[Site "San Sebastian de los Reyes"]
[Date "2021.12.06"]
[Round "3"]
[White "Criado Jimenez, Jose"]
[Black "Diez Cuarental, Luis Pablo"]
[Result "1-0"]
[WhiteElo "1517"]
[BlackElo "1297"]
[PlyCount "61"]
[EventDate "2021.12.04"]
[EventType "swiss"]
[EventRounds "8"]
[EventCountry "ESP"]
[SourceTitle "CBM 206 Extra"]
[Source "ChessBase"]
[SourceDate "2022.03.31"]
[SourceVersion "1"]
[SourceVersionDate "2022.03.31"]
[SourceQuality "1"]

1. Nf3 Nc6 2. d4 d5 3. c4 e6 4. e3 Nf6 5. Nc3 Bb4 6. Bd2 0-0 7. Be2 b6 8. 0-0 Ba6 9. cxd5 Bxe2 10. Qxe2 Nxd5 11. Nxd5 Qxd5 12. Bxb4 Nxb4 13. a3 Nc6 14. Rac1 Qd6 15. Qc2 Na5 16. b4 Nb7 17. Qxc7 Qxc7 18. Rxc7 Nd6 19. Rfc1 Nb5 20. Rd7 Nxa3 21. Rcc7 Nb5 22. Rb7 Rac8 23. g3 Rc4 24. Ng5 Rxb4 25. Nxe6 Re8 26. Ng5 a5 27. Nxf7 a4 28. Ne5 a3 29. Rxg7+ Kh8 30. Rxh7+ Kg8 31. Rbg7+ 1-0

[Event "San Sebastian Reyes op"]
[Site "San Sebastian de los Reyes"]
[Date "2020.12.10"]
[Round "6"]
[White "Pulido Vargas, Marco Antonio"]
[Black "Criado Jimenez, Jose"]
[Result "0-1"]
[WhiteElo "1260"]
[BlackElo "1521"]
[PlyCount "48"]
[EventDate "2020.12.05"]
[EventType "swiss"]
[EventRounds "9"]
[EventCountry "ESP"]
[SourceTitle "EXT 2022"]
[Source "ChessBase"]
[SourceDate "2021.10.06"]
[SourceVersion "1"]
[SourceVersionDate "2021.10.06"]
[SourceQuality "1"]

1. d4 Nf6 2. c4 e6 3. Nf3 b6 4. Nc3 Bb7 5. e3 Be7 6. Bd3 0-0 7. 0-0 d5 8. cxd5 Nxd5 9. a3 Nd7 10. Bd2 c5 11. Nxd5 Bxd5 12. e4 Bb7 13. d5 exd5 14. e5 h6 15. Re1 Re8 16. h3 Bf8 17. Bb5 Re6 18. Bxd7 Qxd7 19. Nh2 Rae8 20. Qg4 Qe7 21. f4 Kh8 22. Nf1 d4 23. Ng3 Rg6 24. Nf5 Qc7 0-1

[Event "San Sebastian Reyes op"]
[Site "San Sebastian de los Reyes"]
[Date "2020.12.05"]
[Round "1"]
[White "Criado Jimenez, Jose"]
[Black "Valle Fernandez De Castro, Luis"]
[Result "1-0"]
[WhiteElo "1521"]
[BlackElo "1159"]
[PlyCount "63"]
[EventDate "2020.12.05"]
[EventType "swiss"]
[EventRounds "9"]
[EventCountry "ESP"]
[SourceTitle "EXT 2022"]
[Source "ChessBase"]
[SourceDate "2021.10.06"]
[SourceVersion "1"]
[SourceVersionDate "2021.10.06"]
[SourceQuality "1"]

1. Nf3 g6 2. c4 Bg7 3. d4 d6 4. e4 Nd7 5. Nc3 Ngf6 6. Be2 0-0 7. 0-0 c5 8. d5 a6 9. Bd2 Ng4 10. Rb1 a5 11. Ne1 b6 12. Bxg4 Ne5 13. Be2 Ba6 14. b3 Qd7 15. f4 Nxc4 16. Bxc4 Bd4+ 17. Kh1 b5 18. Be2 b4 19. Na4 Qc7 20. Nf3 Bg7 21. Bxa6 Rxa6 22. Qe2 Ra7 23. Bc1 e5 24. fxe5 dxe5 25. Be3 f5 26. Bxc5 Rb7 27. Bxf8 Bxf8 28. Rbc1 Qb8 29. exf5 gxf5 30. Qxe5 Bd6 31. Qe6+ Kh8 32. Rc8+ 1-0

[Event "San Sebastian de los Reyes op U1600 2nd"]
[Site "San Sebastian de los Reyes"]
[Date "2019.10.19"]
[Round "4"]
[White "Urbelz Perez, Ignacio"]
[Black "Criado Jimenez, Jose"]
[Result "0-1"]
[WhiteElo "1551"]
[BlackElo "1492"]
[PlyCount "104"]
[EventDate "2019.10.12"]
[EventType "swiss"]
[EventRounds "6"]
[EventCountry "ESP"]
[SourceTitle "EXT 2024"]
[Source "ChessBase"]
[SourceDate "2023.10.10"]
[SourceVersion "1"]
[SourceVersionDate "2023.10.10"]
[SourceQuality "1"]

1. e4 c5 2. Nc3 d6 3. f4 Nf6 4. Nf3 Bg4 5. Bb5+ Nfd7 6. 0-0 a6 7. Bxd7+ Qxd7 8. Qe1 Nc6 9. d3 e6 10. Qg3 Bxf3 11. Qxf3 g6 12. f5 Ne5 13. Qh3 0-0-0 14. Bg5 Be7 15. f6 Bf8 16. a3 h5 17. b4 Bh6 18. Bxh6 Rxh6 19. bxc5 dxc5 20. Ne2 g5 21. Qe3 Qc7 22. h3 Rg8 23. d4 cxd4 24. Qxd4 g4 25. h4 Nf3+ 26. gxf3 gxf3+ 27. Kf2 fxe2 28. Rg1 Qh2+ 29. Kf3 Rxg1 30. Rxg1 Rxf6+ 31. Qxf6 Qxg1 32. Qc3+ Kb8 33. Kxe2 Qg2+ 34. Kd3 Qf3+ 35. Kd4 e5+ 36. Kc4 Qxe4+ 37. Kb3 Qd5+ 38. Kb2 Qd4 39. Qxd4 exd4 40. Kb3 Kc7 41. Kc4 Kd6 42. Kxd4 f5 43. a4 a5 44. c3 b6 45. c4 Ke6 46. Ke3 Ke5 47. Kf3 f4 48. Kf2 Ke4 49. Ke2 f3+ 50. Kf1 Kf4 51. Kf2 Kg4 52. Ke3 Kg3 0-1

[Event "San Sebastian de los Reyes op U1600 2nd"]
[Site "San Sebastian de los Reyes"]
[Date "2019.10.12"]
[Round "2"]
[White "Cruz Lopez, Jose"]
[Black "Criado Jimenez, Jose"]
[Result "0-1"]
[WhiteElo "1340"]
[BlackElo "1492"]
[PlyCount "90"]
[EventDate "2019.10.12"]
[EventType "swiss"]
[EventRounds "6"]
[EventCountry "ESP"]
[SourceTitle "EXT 2024"]
[Source "ChessBase"]
[SourceDate "2023.10.10"]
[SourceVersion "1"]
[SourceVersionDate "2023.10.10"]
[SourceQuality "1"]

1. d4 Nf6 2. c4 e6 3. Nc3 d5 4. e3 Be7 5. Nf3 0-0 6. Bd3 dxc4 7. Bxc4 c6 8. Qc2 Nbd7 9. Bd3 Re8 10. e4 Nf8 11. Bg5 h6 12. Bxf6 Bxf6 13. e5 Be7 14. 0-0-0 b5 15. h4 Bb7 16. Be4 Qb6 17. g4 Rac8 18. g5 h5 19. g6 f5 20. exf6 Bxf6 21. Ne5 Qc7 22. Qe2 Bxe5 23. dxe5 Qxe5 24. Qf3 Re7 25. Rhg1 Nd7 26. Rg5 Qf6 27. Rxh5 Qxf3 28. Bxf3 Rf8 29. Rd3 Nf6 30. Rg5 Nd5 31. Ne4 Nf4 32. Ra3 Nd5 33. h5 Nf6 34. Nd6 Ba8 35. Kd2 Rd7 36. Rd3 Rfd8 37. Be2 Rxd6 38. Ke3 Rxd3+ 39. Bxd3 Rd5 40. Rxd5 exd5 41. Be2 Bb7 42. a3 Bc8 43. b4 Bg4 44. Bxg4 Nxg4+ 45. Kf3 Nf6 0-1

[Event "San Sebastian de los Reyes op U2200 2nd"]
[Site "San Sebastian de los Reyes"]
[Date "2019.05.18"]
[Round "3"]
[White "Lozano Hernanz, Rodrigo"]
[Black "Criado Jimenez, Jose"]
[Result "1-0"]
[WhiteElo "1279"]
[BlackElo "1513"]
[PlyCount "49"]
[EventDate "2019.05.11"]
[EventType "swiss"]
[EventRounds "6"]
[EventCountry "ESP"]
[SourceTitle "EXT 2024"]
[Source "ChessBase"]
[SourceDate "2023.10.10"]
[SourceVersion "1"]
[SourceVersionDate "2023.10.10"]
[SourceQuality "1"]

1. e4 c5 2. Nf3 Nc6 3. d4 cxd4 4. Nxd4 d6 5. Nc3 Nf6 6. Bb5 Bd7 7. Nxc6 bxc6 8. Bc4 g6 9. 0-0 Bg7 10. Be3 0-0 11. f4 Qa5 12. Bb3 Rfd8 13. Qe2 Ng4 14. Qd2 Nxe3 15. Qxe3 e6 16. Kh1 c5 17. f5 exf5 18. exf5 Bxf5 19. g4 Re8 20. Qf3 Bxc3 21. gxf5 Bxb2 22. fxg6 hxg6 23. Bxf7+ Kf8 24. Bxg6+ Ke7 25. Qf7+ 1-0

[Event "San Sebastian de los Reyes op 20th"]
[Site "San Sebastian"]
[Date "2018.12.07"]
[Round "7"]
[White "Garcia Estebanez, Diego"]
[Black "Criado Jimenez, Jose"]
[Result "0-1"]
[WhiteElo "1168"]
[BlackElo "1527"]
[PlyCount "84"]
[EventDate "2018.12.01"]
[EventType "swiss"]
[EventRounds "9"]
[EventCountry "ESP"]
[SourceTitle "CBM 187 Extra"]
[Source "ChessBase"]
[SourceDate "2018.11.04"]
[SourceVersion "1"]
[SourceVersionDate "2018.11.04"]
[SourceQuality "1"]

1. e4 c5 2. Nf3 d6 3. Bc4 Nf6 4. Nc3 Nc6 5. Ng5 e6 6. 0-0 h6 7. Nf3 Nxe4 8. Nxe4 d5 9. Bxd5 exd5 10. Nc3 Be7 11. d3 0-0 12. d4 c4 13. Ne5 Qb6 14. Nxd5 Qd8 15. Nxe7+ Nxe7 16. Nxc4 b5 17. Na3 Bb7 18. Qg4 Qd5 19. Bxh6 Ng6 20. Be3 b4 21. Nb1 Rfe8 22. Nd2 Re6 23. c4 bxc3 24. bxc3 Rc8 25. c4 Qa5 26. d5 Rxe3 27. fxe3 Qxd2 28. Rab1 Qxe3+ 29. Kh1 Ba6 30. Qf3 Qxf3 31. Rxf3 Ne5 32. Re3 Nxc4 33. Re4 Nd2 34. Ree1 Nxb1 35. d6 Rd8 36. a4 Nc3 37. d7 Rxd7 38. h4 Nxa4 39. h5 Nc3 40. h6 gxh6 41. g4 Bb7+ 42. Kh2 a5 0-1

[Event "San Sebastian de los Reyes op 20th"]
[Site "San Sebastian"]
[Date "2018.12.02"]
[Round "2"]
[White "Criado Jimenez, Jose"]
[Black "Ruiz Grau, David"]
[Result "1-0"]
[WhiteElo "1527"]
[BlackElo "1289"]
[PlyCount "117"]
[EventDate "2018.12.01"]
[EventType "swiss"]
[EventRounds "9"]
[EventCountry "ESP"]
[SourceTitle "CBM 187 Extra"]
[Source "ChessBase"]
[SourceDate "2018.11.04"]
[SourceVersion "1"]
[SourceVersionDate "2018.11.04"]
[SourceQuality "1"]

1. e4 c6 2. d4 d5 3. Nc3 dxe4 4. Nxe4 Nd7 5. Nf3 Ngf6 6. Bd3 Nxe4 7. Bxe4 Nf6 8. Bd3 Bg4 9. c3 e6 10. Bf4 Be7 11. h3 Bh5 12. g4 Bg6 13. Ne5 Bxd3 14. Qxd3 Qd5 15. 0-0 Qe4 16. Qe3 Qxe3 17. Bxe3 Ne4 18. f4 f6 19. Nd3 h5 20. Nf2 Nxf2 21. Rxf2 hxg4 22. hxg4 Kd7 23. Rh2 Bd6 24. Rxh8 Rxh8 25. Rf1 Ke7 26. Kg2 a5 27. a4 g6 28. Rf3 b6 29. Rh3 Rxh3 30. Kxh3 c5 31. Kg2 e5 32. dxe5 fxe5 33. fxe5 Bxe5 34. Kf3 Ke6 35. Ke4 Bf6 36. Bf4 Bd8 37. b3 c4 38. bxc4 Be7 39. Be3 Bc5 40. Bd4 g5 41. Be5 Be7 42. Bc7 Bc5 43. Bd8 Kf7 44. Bxg5 Kg6 45. Be3 Bxe3 46. Kxe3 Kg5 47. Kd4 Kxg4 48. Kd5 Kf4 49. Kc6 Ke4 50. Kxb6 Kd3 51. c5 Kxc3 52. Kxa5 Kc4 53. c6 Kb3 54. c7 Kc4 55. c8Q+ Kb3 56. Kb5 Kb2 57. Kb4 Ka1 58. Kb3 Kb1 59. Qc2+ 1-0

[Event "San Sebastian de los Reyes op 20th"]
[Site "San Sebastian"]
[Date "2018.12.01"]
[Round "1"]
[White "Lin, Ying Rui"]
[Black "Criado Jimenez, Jose"]
[Result "1-0"]
[WhiteElo "1463"]
[BlackElo "1527"]
[PlyCount "49"]
[EventDate "2018.12.01"]
[EventType "swiss"]
[EventRounds "9"]
[EventCountry "ESP"]
[SourceTitle "CBM 187 Extra"]
[Source "ChessBase"]
[SourceDate "2018.11.04"]
[SourceVersion "1"]
[SourceVersionDate "2018.11.04"]
[SourceQuality "1"]

1. d4 d5 2. Bf4 e6 3. Nf3 Bd6 4. e3 Bxf4 5. exf4 Nd7 6. Bd3 Ngf6 7. Nbd2 0-0 8. 0-0 c5 9. c3 c4 10. Bc2 Qc7 11. Ne5 Nxe5 12. fxe5 Nd7 13. Qh5 h6 14. f4 f5 15. exf6 Nxf6 16. Qh4 Bd7 17. Rae1 Rae8 18. Bg6 Rd8 19. Nf3 Be8 20. Bb1 Bd7 21. Ne5 Bc8 22. g4 Nd7 23. Ng6 Rfe8 24. Ne7+ Kf7 25. Bg6+ 1-0

[Event "San Sebastian de los Reyes U1600 1st"]
[Site "San Sebastian de los Reyes"]
[Date "2018.10.27"]
[Round "5"]
[White "Guillo Sanchez Galiano, Ernesto"]
[Black "Criado Jimenez, Jose"]
[Result "1-0"]
[WhiteElo "1293"]
[BlackElo "1538"]
[PlyCount "61"]
[EventDate "2018.10.06"]
[EventType "swiss"]
[EventRounds "6"]
[EventCountry "ESP"]
[SourceTitle "CBM 187 Extra"]
[Source "ChessBase"]
[SourceDate "2018.11.04"]
[SourceVersion "1"]
[SourceVersionDate "2018.11.04"]
[SourceQuality "1"]

1. d4 c6 2. Bf4 d6 3. h3 Nf6 4. Nf3 g6 5. e3 Bg7 6. Be2 0-0 7. 0-0 Nbd7 8. Nbd2 b5 9. c3 Re8 10. Qc2 a5 11. Rab1 Nd5 12. Bg3 Nf8 13. e4 Nb6 14. e5 Ne6 15. Ne4 d5 16. Ned2 f5 17. exf6 exf6 18. Rfe1 Ra7 19. b3 Rae7 20. Bd3 Nf8 21. c4 dxc4 22. bxc4 Rxe1+ 23. Rxe1 Rxe1+ 24. Nxe1 b4 25. Nef3 Kh8 26. Ne4 Be6 27. c5 Nc8 28. Bc4 Bf5 29. Bd3 Ne6 30. Nd6 Bxd3 31. Qxd3 1-0

[Event "Tres Cantos op 10th"]
[Site "Tres Cantos"]
[Date "2018.06.27"]
[Round "7.47"]
[White "Criado Jimenez, Jose"]
[Black "Paarup Pelaez, David"]
[Result "1-0"]
[WhiteElo "1553"]
[BlackElo "1387"]
[PlyCount "49"]
[EventDate "2018.06.21"]
[EventType "swiss"]
[EventRounds "9"]
[EventCountry "ESP"]
[SourceTitle "EXT 2024"]
[Source "ChessBase"]
[SourceDate "2023.10.10"]
[SourceVersion "1"]
[SourceVersionDate "2023.10.10"]
[SourceQuality "1"]

1. d4 e6 2. c4 Be7 3. e4 c5 4. d5 exd5 5. exd5 Bd6 6. Nf3 Ne7 7. Bd3 Qc7 8. 0-0 a5 9. Nc3 b6 10. Nb5 Bxh2+ 11. Nxh2 Qd8 12. d6 Nec6 13. Nc7+ Kf8 14. Nxa8 Bb7 15. Nc7 Ne5 16. Re1 Nbc6 17. Qe2 g6 18. Bh6+ Kg8 19. Ng4 f6 20. Nxe5 Nd4 21. Qg4 f5 22. Qg3 Ne6 23. Nxg6 Kf7 24. Ne5+ Kf6 25. Qh4+ 1-0

[Event "Tres Cantos op 10th"]
[Site "Tres Cantos"]
[Date "2018.06.26"]
[Round "6.56"]
[White "Millan Capella, Rodrigo"]
[Black "Criado Jimenez, Jose"]
[Result "0-1"]
[WhiteElo "1096"]
[BlackElo "1553"]
[PlyCount "100"]
[EventDate "2018.06.21"]
[EventType "swiss"]
[EventRounds "9"]
[EventCountry "ESP"]
[SourceTitle "EXT 2024"]
[Source "ChessBase"]
[SourceDate "2023.10.10"]
[SourceVersion "1"]
[SourceVersionDate "2023.10.10"]
[SourceQuality "1"]

1. d4 d5 2. Bf4 Nf6 3. Nf3 e6 4. e3 Bd6 5. Bxd6 Qxd6 6. Nc3 0-0 7. Nb5 Qe7 8. Bd3 a6 9. Nc3 Nbd7 10. 0-0 c5 11. dxc5 Qxc5 12. Na4 Qc6 13. b3 b5 14. Nd4 Qc7 15. Nb2 e5 16. Nf5 Nb6 17. Ng3 Bb7 18. Rc1 d4 19. e4 Qc3 20. Rb1 Nbd7 21. Qe1 b4 22. Na4 Qxe1 23. Rbxe1 Bc6 24. Nb2 Nb6 25. Nf5 Rfe8 26. h3 Nh5 27. Nc4 Nxc4 28. Bxc4 Nf4 29. Nd6 Re7 30. Nf5 Rd7 31. Rd1 Nxg2 32. f3 Nf4 33. Kh2 g6 34. Nh6+ Kg7 35. Ng4 f6 36. Ra1 a5 37. a3 Rda7 38. a4 Rc8 39. Rac1 Bxa4 40. bxa4 Rxc4 41. Nf2 Rac7 42. Kg3 Ne2+ 43. Kg4 Nxc1 44. Rxc1 Rxc2 45. Rf1 Rc1 46. Rxc1 Rxc1 47. Nd3 Rg1+ 48. Kh4 Kh6 49. f4 g5+ 50. fxg5+ fxg5# 0-1

[Event "San Sebastian de los Reyes op 19th"]
[Site "San Sebastian"]
[Date "2017.12.08"]
[Round "7"]
[White "Gonzalez Morente, Jose A"]
[Black "Criado Jimenez, Jose"]
[Result "1-0"]
[WhiteElo "1453"]
[BlackElo "1615"]
[PlyCount "43"]
[EventDate "2017.12.02"]
[EventType "swiss"]
[EventRounds "9"]
[EventCountry "ESP"]
[SourceTitle "CBM 182 Extra"]
[Source "ChessBase"]
[SourceDate "2018.02.23"]
[SourceVersion "1"]
[SourceVersionDate "2018.02.23"]
[SourceQuality "1"]

1. d4 c6 2. Nf3 d5 3. Bf4 Bf5 4. e3 h6 5. c4 e6 6. Nbd2 Bd6 7. Ne5 Qc7 8. cxd5 exd5 9. Be2 Ne7 10. Bg4 Bh7 11. Bg3 0-0 12. 0-0 f6 13. Be6+ Kh8 14. Nf7+ Rxf7 15. Bxf7 Bxg3 16. fxg3 Nf5 17. Qh5 Nxe3 18. Rae1 g6 19. Bxg6 Nxf1 20. Kxf1 Kg7 21. Bxh7 Kxh7 22. Qe8 1-0

[Event "Madrid San Viator op-A 29th"]
[Site "Madrid"]
[Date "2017.10.08"]
[Round "4"]
[White "Criado Jimenez, Jose"]
[Black "Calvo de Castro, Miguel"]
[Result "0-1"]
[WhiteElo "1617"]
[BlackElo "1836"]
[PlyCount "54"]
[EventDate "2017.09.17"]
[EventType "swiss"]
[EventRounds "9"]
[EventCountry "ESP"]
[SourceTitle "EXT 2019"]
[Source "ChessBase"]
[SourceDate "2018.10.10"]
[SourceVersion "1"]
[SourceVersionDate "2018.10.10"]
[SourceQuality "1"]

1. d4 Nf6 2. Nf3 d5 3. c4 e6 4. g3 Be7 5. Bg2 0-0 6. 0-0 Nbd7 7. Nbd2 b6 8. Re1 Bb7 9. b3 c5 10. Bb2 Rc8 11. Rc1 Bd6 12. cxd5 exd5 13. Bh3 Qe7 14. Bf5 Rfd8 15. Bb1 Ne4 16. Nf1 Qe6 17. Ne3 Re8 18. Nh4 Nxf2 19. Qd2 Qxe3 20. Qxe3 Nh3+ 21. Kg2 Rxe3 22. Nf5 Re6 23. Nxg7 Kxg7 24. dxc5+ Be5 25. Bxe5+ Nxe5 26. Kxh3 bxc5 27. Rc3 d4 0-1

[Event "Tres Cantos op 9th"]
[Site "Tres Cantos"]
[Date "2017.06.30"]
[Round "9"]
[White "Krause Llorente, Paul"]
[Black "Criado Jimenez, Jose"]
[Result "1-0"]
[WhiteElo "1519"]
[BlackElo "1684"]
[PlyCount "107"]
[EventDate "2017.06.22"]
[EventType "swiss"]
[EventRounds "9"]
[EventCountry "ESP"]
[SourceTitle "EXT 2019"]
[Source "ChessBase"]
[SourceDate "2018.10.10"]
[SourceVersion "1"]
[SourceVersionDate "2018.10.10"]
[SourceQuality "1"]

1. d4 Nf6 2. Bg5 c6 3. Bxf6 exf6 4. Nf3 d5 5. e3 Bg4 6. Bd3 g6 7. c4 dxc4 8. Bxc4 Bg7 9. Nbd2 0-0 10. 0-0 Nd7 11. Qb3 Nb6 12. Bd3 Be6 13. Nc4 f5 14. Qb4 Nxc4 15. Bxc4 Rb8 16. Rfd1 Qf6 17. g3 Rfd8 18. Bf1 Bf8 19. Qa5 a6 20. Bg2 Rd5 21. Qc3 c5 22. b3 cxd4 23. Nxd4 Rc5 24. Qd2 Bd5 25. Bxd5 Rxd5 26. Rac1 Rbd8 27. Rc7 Qb6 28. Rc4 f4 29. gxf4 g5 30. Qe2 Qg6 31. Qg4 h5 32. Qg2 gxf4 33. Qxg6+ fxg6 34. Kf1 fxe3 35. fxe3 Bg7 36. Ke2 Rg5 37. Kd3 Rg2 38. Rd2 Rg1 39. Rc7 b5 40. Rc6 a5 41. Ra6 Rg4 42. Kc3 Rc8+ 43. Kd3 Rxd4+ 44. exd4 Rd8 45. Ke4 Re8+ 46. Kd5 Kf7 47. Rxa5 Rd8+ 48. Kc5 Rc8+ 49. Kxb5 g5 50. Kb6 Kg6 51. d5 Kf5 52. d6+ Ke6 53. Rxg5 Bh6 54. Rg6+ 1-0

[Event "Tres Cantos op 9th"]
[Site "Tres Cantos"]
[Date "2017.06.28"]
[Round "7"]
[White "Cebrian Alfaya, Jorge"]
[Black "Criado Jimenez, Jose"]
[Result "1-0"]
[WhiteElo "1395"]
[BlackElo "1684"]
[PlyCount "57"]
[EventDate "2017.06.22"]
[EventType "swiss"]
[EventRounds "9"]
[EventCountry "ESP"]
[SourceTitle "EXT 2019"]
[Source "ChessBase"]
[SourceDate "2018.10.10"]
[SourceVersion "1"]
[SourceVersionDate "2018.10.10"]
[SourceQuality "1"]

1. d4 c6 2. Bf4 Nf6 3. e3 g5 4. Bxg5 Qa5+ 5. Qd2 Qxg5 6. Nf3 Qh6 7. c4 e6 8. a3 Rg8 9. Nc3 Bd6 10. g3 Na6 11. b4 Rb8 12. Qc2 Bxg3 13. fxg3 Qxe3+ 14. Be2 Ng4 15. Nd1 Qh6 16. Qd2 Qg7 17. Ne3 Nf6 18. Bd3 b6 19. c5 bxc5 20. dxc5 Ng4 21. Rd1 Nxe3 22. Qxe3 Qc3+ 23. Qd2 Qxa3 24. Bxa6 Bxa6 25. Qxd7+ Kf8 26. Qd6+ Kg7 27. Qe5+ f6 28. Rd7+ Kh6 29. Qxf6+ 1-0

[Event "Tres Cantos op 9th"]
[Site "Tres Cantos"]
[Date "2017.06.27"]
[Round "6"]
[White "Criado Jimenez, Jose"]
[Black "Rial Rodriguez, Marta"]
[Result "1-0"]
[WhiteElo "1684"]
[BlackElo "1441"]
[PlyCount "45"]
[EventDate "2017.06.22"]
[EventType "swiss"]
[EventRounds "9"]
[EventCountry "ESP"]
[SourceTitle "EXT 2019"]
[Source "ChessBase"]
[SourceDate "2018.10.10"]
[SourceVersion "1"]
[SourceVersionDate "2018.10.10"]
[SourceQuality "1"]

1. c4 Nf6 2. d4 g6 3. g3 Bg7 4. Bg2 d5 5. cxd5 Nxd5 6. e4 Nb6 7. Ne2 Nc6 8. d5 Ne5 9. Na3 c6 10. Nc3 0-0 11. 0-0 Qd6 12. dxc6 Qxc6 13. Bg5 Re8 14. Rc1 Nbc4 15. Nd5 f6 16. Bf4 e6 17. Bxe5 exd5 18. exd5 Qd7 19. Nxc4 fxe5 20. Re1 b6 21. d6 Rb8 22. Ne3 Qe6 23. Bd5 1-0

[Event "Madrid San Viator op-A 28th"]
[Site "Madrid"]
[Date "2017.06.04"]
[Round "9"]
[White "Brana Pastor, Carlos"]
[Black "Criado Jimenez, Jose"]
[Result "1/2-1/2"]
[WhiteElo "1835"]
[BlackElo "1678"]
[PlyCount "124"]
[EventDate "2017.03.26"]
[EventType "swiss"]
[EventRounds "9"]
[EventCountry "ESP"]
[SourceTitle "EXT 2018"]
[Source "ChessBase"]
[SourceDate "2017.10.13"]
[SourceVersion "1"]
[SourceVersionDate "2017.10.13"]
[SourceQuality "1"]

1. c4 c5 2. g3 g6 3. Bg2 Bg7 4. Nc3 Nc6 5. Nf3 Nf6 6. 0-0 0-0 7. d3 d5 8. cxd5 Nxd5 9. Nxd5 Qxd5 10. a3 Bg4 11. h3 Bxf3 12. Bxf3 Qd7 13. Bg2 Rad8 14. Qe1 Nd4 15. Rb1 Nb3 16. Be3 b6 17. Qd1 Qe6 18. Qc2 Nd4 19. Bxd4 Rxd4 20. b4 cxb4 21. axb4 Rc8 22. Qd2 Qd7 23. b5 Rc5 24. Rfc1 Rdc4 25. Rxc4 Rxc4 26. Bc6 Qd6 27. Qa2 Rc3 28. Qxa7 Bd4 29. Kg2 Rc2 30. Bf3 Qc5 31. Rf1 e6 32. Qa8+ Kg7 33. Qc6 Rb2 34. Rc1 Qxb5 35. Qxb5 Rxb5 36. e3 Bc5 37. d4 Ba3 38. Rc7 Ra5 39. Rb7 Rb5 40. Bc6 Rb2 41. Be8 Bb4 42. Rxb6 Bc3 43. Rxb2 Bxb2 44. Kf3 h6 45. g4 g5 46. Ke4 f6 47. f3 Bc1 48. f4 Kf8 49. Bh5 Ke7 50. f5 Bd2 51. fxe6 Kxe6 52. d5+ Ke7 53. Kf5 Bxe3 54. Kg6 Bf4 55. Kxh6 Bd6 56. Kg7 Bg3 57. Bf7 Bd6 58. Be6 Bg3 59. Kg6 Bd6 60. Kh5 Bg3 61. Bf5 Bf2 62. Kg6 Bg3 1/2-1/2